000 01546nam0a22003371 4500
001 rc\2278490
005 20110829191423.5
035 _a(NLR Aleph) 006558169
090 _a6814609
_c6814609
100 _a20110829d1979 |||y0rusy50 ca
101 0 _arus
102 _aRU
105 _ay z |||||
200 1 _aОрганизация заготовок лубяных культур
210 _aМосква
_cЦНИИТЭИ Минзага СССР
_d1979
215 _a44 с.
_d21
225 1 _aЭкономика и организация заготовок сельскохозяйственных продуктов
_eОбзор. информ.
_fМ-во заготовок СССР, ЦНИИ информ. и техн.-экон. исслед.
300 _aАвт. указаны на 2-й с. обл.
320 _aБиблиогр.: с. 42 (12 назв.)
606 _aЛубяные культуры
_jОбзоры литературы информационные
_xЗаготовки
_2psbo
686 _aУ9(2)415.123,0
_2rubbk
700 1 _aМалышев
_bН. С.
_gНиколай Сергеевич
701 1 _aКолпаков
_bВ. В.
_gВалерий Владимирович
712 0 2 _aЦНИИ информации и техн.-экон. исследований М-ва заготовок СССР
_3RU\NLR\AUTH\8810025844
801 0 _aRU
_bNLR
_gpsbo
801 1 _aRU
_bELAR
_2rusmarc
852 _aNLR
_j80-6/3
899 _aRuMoRGB
_jВ 79-44/2264
899 _aRuMoRGB
_jВ 79-44/2265
942 _cBOOK
980 _aNB